Qatar : evidence of the Palaeolithic earliest people revealed /
This work, with full text in English and Arabic, synthesises the results of extensive fieldwork by the PADMAC Unit (Kellogg College, Oxford) with diverse historical records and reports of earlier investigations, to tell the story of the long and difficult search to discover the identity of the first...
المؤلف الرئيسي:
التنسيق: كتاب الكتروني
اللغة:
English
Arabic
منشور في:
Oxford :
Archaeopress Archaeology,
2021.
الموضوعات:
الوصول للمادة أونلاين: Login to view Source
الوسوم: إضافة وسم
رقم الطلب: DS247.Q33
| LEADER | 02460nam a2200505 i 4500 | ||
|---|---|---|---|
| 001 | EDZ0002794162 | ||
| 003 | StDuBDS | ||
| 005 | 20230412183139.0 | ||
| 006 | m|||||o||d|||||||| | ||
| 007 | cr ||||||||||| | ||
| 008 | 210816s2021 enkab fob 001|0|eng|d | ||
| 020 | |a 9781803270517 (PDF ebook) : |c No price | ||
| 024 | 7 | |a 10.32028/9781803270500 |2 doi | |
| 040 | |a StDuBDS |b eng |c StDuBDS |e rda |e pn | ||
| 041 | 0 | |a eng |a ara | |
| 050 | 4 | |a DS247.Q33 | |
| 082 | 0 | 4 | |a 939.49 |2 23 |
| 100 | 1 | |a Scott-Jackson, J. E. |q (Julie E.), |e author. | |
| 245 | 1 | 0 | |a Qatar : |b evidence of the Palaeolithic earliest people revealed / |c Julie Scott-Jackson. |
| 264 | 1 | |a Oxford : |b Archaeopress Archaeology, |c 2021. | |
| 300 | |a 1 online resource (128, 119 pages) : |b illustrations (colour), maps (colour) | ||
| 336 | |a text |2 rdacontent | ||
| 336 | |a still image |2 rdacontent | ||
| 336 | |a cartographic image |2 rdacontent | ||
| 337 | |a computer |2 rdamedia | ||
| 338 | |a online resource |2 rdacarrier | ||
| 500 | |a Also issued in print: 2021. | ||
| 500 | |a Published in association with PADMAC Unit. | ||
| 500 | |a "This book is an accompaniment to the published papers, posters and articles that detail the research undertaken from 2009 to 2020 in the State of Qatar by the PADMAC Unit"--Title page verso. | ||
| 500 | |a Second sequence of pages is numbered in Arabic script. | ||
| 504 | |a Includes bibliographical references and index. | ||
| 506 | 0 | |a Open access. | |
| 520 | 8 | |a This work, with full text in English and Arabic, synthesises the results of extensive fieldwork by the PADMAC Unit (Kellogg College, Oxford) with diverse historical records and reports of earlier investigations, to tell the story of the long and difficult search to discover the identity of the first people to inhabit the sovereign State of Qatar. | |
| 521 | |a Specialized. | ||
| 546 | |a Text in English and Arabic. | ||
| 588 | |a Description based on online resource; title from PDF title page (viewed on June 7, 2022). | ||
| 650 | 0 | |a Paleolithic period |z Qatar. | |
| 650 | 0 | |a Excavations (Archaeology) |z Qatar. | |
| 651 | 0 | |a Qatar |x Antiquities. | |
| 710 | 2 | |a PADMAC Unit, |e issuing body. | |
| 776 | 0 | 8 | |i Print version : |z 9781803270500 |
| 856 | 4 | 0 | |3 Archaeopress |u http://library.arce.org:8087/Archaeopress/Products/9781803270500 |
| 942 | |2 lcc |c EBOOK | ||
| 952 | |0 0 |1 0 |4 0 |6 DS0247 Q33 |7 1 |9 46871 |a ARCH |b ARCH |d 2023-04-12 |l 0 |o DS247.Q33 |r 2023-04-12 00:00:00 |w 2023-04-12 |y EBOOK | ||
| 999 | |c 52529 |d 52529 | ||
